| 000 | 00701nam a2200205Ia 4500 | ||
|---|---|---|---|
| 003 | GCL | ||
| 008 | 140319s9999 xx 000 0 ara d | ||
| 020 | _a445701977 | ||
| 040 |
_aGCL / _cGCL |
||
| 082 | 0 | 4 |
_aق _b962.044 _bم ا |
| 100 | 1 | _aمصطفى كامل | |
| 245 | 1 | 0 |
_aاوراق مصطفى كامل : الخطب / _cمصطفى كامل |
| 250 | _aالاولى | ||
| 260 |
_aالقاهرة : _bالهيئة المصرية العامة للكتاب ، _c1984 |
||
| 300 |
_a363 ص ؛ _c24 سم |
||
| 650 | 0 | 4 | _aمصطفى كامل |
| 650 | 0 | 4 | _aالخطب السياسية |
| 650 | 0 | 4 | _aمصر - تاريخ - العصر الحديث - الاحتلال البريطانى |
| 942 |
_2ddc _cBK |
||
| 999 |
_c28876 _d28876 |
||